LEADER 01294nam 2200337 n 450 001 996386923903316 005 20221108104952.0 035 $a(CKB)1000000000612341 035 $a(EEBO)2264229386 035 $a(UnM)99837889 035 $a(EXLCZ)991000000000612341 100 $a19901019d1633 uy | 101 0 $aeng 135 $aurbn||||a|bb| 200 14$aThe hidden treasure$b[electronic resource] $eopened in tvvo sermons preached by Zachary Catlin minister of Gods word at Thurstone in Suffolke: upon Matthevv 13. 44 210 $aLondon $cPrinted by M. Flesher for Robert Davvlman at the signe of the Brazen-Serpent in Pauls Churchyard$d1633 215 $a[2], 43, [1] p 300 $a"The hidden treasure: opened in a second sermon upon Matthevv 13. 44" has separate dated title page; pagination and register are continuous. 300 $aReproduction of the original in the Union Theological Seminary (New York, N.Y.). Library. 330 $aeebo-0160 606 $aSermons, English$y17th century 615 0$aSermons, English 700 $aCatlin$b Zachary$01009478 801 0$bCu-RivES 801 1$bCu-RivES 801 2$bCStRLIN 801 2$bWaOLN 906 $aBOOK 912 $a996386923903316 996 $aThe hidden treasure$92331266 997 $aUNISA LEADER 02447nam 2200673uu 450 001 9910958085303321 005 20251116204559.0 010 $a0-19-771461-7 010 $a1-4237-6465-X 010 $a1-280-44129-1 010 $a1-60129-852-8 010 $a0-19-972812-7 024 7 $a10.1093/oso/9780195072365.001.0001 035 $a(CKB)2550000001204499 035 $a(StDuBDS)AH24087515 035 $a(Au-PeEL)EBL272265 035 $a(CaPaEBR)ebr11303233 035 $a(CaONFJC)MIL44129 035 $a(OCoLC)923426276 035 $a(MiAaPQ)EBC272265 035 $a(OCoLC)1406781033 035 $a(StDuBDS)9780197714614 035 $a(OCoLC)1096480286 035 $a(FINmELB)ELB167148 035 $a(EXLCZ)992550000001204499 100 $a19950925e20231995 |y | 101 0 $aeng 135 $aur||||||||||| 181 $2rdacontent 182 $2rdamedia 183 $2rdacarrier 200 10$aMasters of small worlds $eyeoman households, gender relations, and the political culture of the antebellum South Carolina Low Country /$fStephanie McCurry 210 1$aNew York ;$cOxford University Press,$d2023. 215 $a1 online resource (xx, 320p. ) $cfacsim., map 225 1 $aOxford scholarship online 300 $aPreviously issued in print: 1995. 311 08$a0-19-507236-7 320 $aIncludes bibliographical references. 330 8 $aThis social history describes the yeomanry (small farmers) in South Carolina before the US Civil War. It focuses on the relationship between these farmers and the planters, with whom they had strong ideological ties. The study also deals with issues of gender and class. 410 0$aOxford scholarship online. 606 $aPolitical culture$zSouth Carolina$xHistory$y19th century 606 $aSocial classes$zSouth Carolina$xHistory$y19th century 606 $aSex role$zSouth Carolina$xHistory$y19th century 606 $aSlavery$zSouth Carolina$xHistory$y19th century 607 $aSouth Carolina$xHistory$y1775-1865 615 0$aPolitical culture$xHistory 615 0$aSocial classes$xHistory 615 0$aSex role$xHistory 615 0$aSlavery$xHistory 676 $a975.703 700 $aMcCurry$b Stephanie$0982862 801 0$bUkOxU 801 2$bUk 801 2$bStDuBDSZ 801 2$bStDuBDSZ 906 $aBOOK 912 $a9910958085303321 996 $aMasters of small worlds$94526989 997 $aUNINA